"New Towns" of the UK - Statistics

General Stats
  • This quiz has been taken 303 times
  • The average score is 12 of 31
Answer Stats
Country Year Pop. Answer % Correct
England 1967 197 k M Milton Keynes
87%
England 1968 157 k T Telford
58%
England 1967 191 k P Peterborough
56%
England 1949 116 k B Basildon
55%
England 1968 244 k N Northampton
53%
England 1946 94 k S Stevenage
52%
England 1947 121 k C Crawley
49%
England 1947 94 k H Harlow
47%
England 1948 52 k W Welwyn Garden City
45%
England 1968 175 k W Warrington
43%
England 1964 51 k W Washington
43%
England 1950 68 k C Corby
42%
England 1964 62 k R Runcorn
42%
Northern Ireland 1969 90 k D Derry
38%
England 1947 96 k H Hemel Hempstead
38%
Scotland 1962 66 k L Livingston
37%
Scotland 1955 52 k C Cumbernauld
35%
Scotland 1947 75 k E East Kilbride
34%
England 1948 42 k H Hatfield
30%
England 1948 20 k P Peterlee
28%
England 1964 82 k R Redditch
28%
England 1949 79 k B Bracknell
27%
Scotland 1966 37 k I Irvine
26%
Scotland 1948 45 k G Glenrothes
25%
Northern Ireland 1966 25 k A Antrim
24%
England 1961 35 k S Skelmersdale
24%
Wales 1967 11 k N Newtown
23%
Wales 1949 47 k C Cwmbran
20%
England 1947 26 k N Newton Aycliffe
15%
Northern Ireland 1967 31 k B Ballymena
13%
Northern Ireland 1965 72 k C Craigavon
13%
No matching quizzes found
Score Distribution
Percent of People with Each Score
Percentile by Number Answered
Your Score History
You have not taken this quiz